| 000 | 00815nam a2200265 a 4500 | ||
|---|---|---|---|
| 003 | OSt | ||
| 005 | 20131107181311.0 | ||
| 008 | 131107s2000 sz ||||| |||| 00| 0 spa d | ||
| 020 | _a92-75-31572-8 | ||
| 040 | _cBiblioteca Medicina | ||
| 041 | _aspa | ||
| 082 | _aOMS WA 30 | ||
| 110 |
_aOrganizacion Mundial de la Salud _91006 |
||
| 245 | 0 | 3 | _aLa salud y el ambiente en el desarrollo sostenible |
| 250 | _a1° ed. | ||
| 260 |
_aWashington D. C. _bOrganizacion Mundial de la Salud _c2000 |
||
| 300 | _a283 p. | ||
| 653 | _aSALUD AMBIENTAL | ||
| 653 | _aDESARROLLO SOSTENIBLE | ||
| 653 | _aPROTECCION AMBIENTAL | ||
| 653 | _aPOLITICA AMBIENTAL | ||
| 653 | _aCALIDAD AMBIENTAL | ||
| 942 |
_2ddc _cPH |
||
| 999 |
_c2039 _d2039 |
||
| 952 |
_pH0285 _40 _00 _bBFM _10 _oOMS WA 30 _d2013-11-07 _tEj. 1 _8NFIC _70 _cCR _2ddc _yPH _aBFM |
||